Statistics: a fresh approach (Record no. 58344)

MARC details
000 -LEADER
fixed length control field 00695nam a2200217 a 4500
008 - FIXED-LENGTH DATA ELEMENTS--GENERAL INFORMATION
fixed length control field 120416s1990 ||||||||||||||||| || u
020 ## - INTERNATIONAL STANDARD BOOK NUMBER
International Standard Book Number 0070548811
020 ## - INTERNATIONAL STANDARD BOOK NUMBER
International Standard Book Number 0078352045
020 ## - INTERNATIONAL STANDARD BOOK NUMBER
International Standard Book Number 0070548838
020 ## - INTERNATIONAL STANDARD BOOK NUMBER
International Standard Book Number 007054882X
050 ## - LIBRARY OF CONGRESS CALL NUMBER
Classification number QA 276.12 San
100 ## - MAIN ENTRY--PERSONAL NAME
Personal name Sanders, Donald H
245 10 - TITLE STATEMENT
Title Statistics: a fresh approach
250 ## - EDITION STATEMENT
Edition statement 4th ed.
260 ## - PUBLICATION, DISTRIBUTION, ETC.
Place of publication, distribution, etc. New York:
Name of publisher, distributor, etc. McGraw-Hill
Date of publication, distribution, etc. 1990
300 ## - PHYSICAL DESCRIPTION
Extent xxiv, 704p.: ill
350 ## - PRICE (NR) (BK AM CF MU VM SE) [OBSOLETE]
Price 0.00
500 ## - GENERAL NOTE
General note Includes index.
650 ## - SUBJECT ADDED ENTRY--TOPICAL TERM
Topical term or geographic name entry element STATISTICS--HANDBOOKS, MANUALS, ETC
995 ## - RECOMMENDATION 995 [LOCAL, UNIMARC FRANCE]
-- 0.00
-- CBU-MAIN LIBRARY (Kitwe)
-- 1
-- 0.00
-- 1
-- AVAILABLE
-- Annex Low-Usage Collection
Holdings
Withdrawn status Lost status Source of classification or shelving scheme Damaged status Not for loan Home library Current library Shelving location Date acquired Total Checkouts Full call number Barcode Date last seen Price effective from Koha item type
          CBU-MAIN LIBRARY, KITWE. CBU-MAIN LIBRARY, KITWE.   11/30/2022   QA 276.12 San 008080 11/30/2022 11/30/2022 MONOGRAPH